| 000 | 00384nam a2200181Ia 4500 | ||
|---|---|---|---|
| 008 | 210210b1878 xxu||||| |||| 00| 0 eng d | ||
| 041 | _aeng | ||
| 082 | _a911/48 | ||
| 100 | _aRICE (Lewis) | ||
| 245 | _aMysore and Coorg III | ||
| 260 |
_aBangalore _b- _c1878 |
||
| 650 | _aMysore | ||
| 650 | _aIII | ||
| 650 | _aCoorg | ||
| 650 | _aand | ||
| 690 | _aTravel | ||
| 906 | _a024720 | ||
| 999 |
_c150342 _d150342 |
||